Vedarath Prakash Urf Vedak Tahzeeb, Part 1 (Record no. 3204)

MARC details
000 -LEADER
fixed length control field 00612nam a2200253 a 4500
020 ## - INTERNATIONAL STANDARD BOOK NUMBER
ISBN
082 00 - DEWEY DECIMAL CLASSIFICATION NUMBER
Classification number 294.5921
Author Cutter ATM
100 ## - MAIN ENTRY--AUTHOR NAME
Author name Atmanand, Al Masih
245 ## - TITLE STATEMENT
Title Vedarath Prakash Urf Vedak Tahzeeb, Part 1
260 ## - PUBLICATION, DISTRIBUTION, ETC. (IMPRINT)
Place of publication Batala
Name of publisher Atmanand Al-Masih
Year of publication 1935
300 ## - PHYSICAL DESCRIPTION
Number of Pages 144p
500 ## - GENERAL NOTE
General note includes index and biblioraphy
505 2# - FORMATTED CONTENTS NOTE
Formatted contents note Thesis
650 ## - SUBJECT ADDED ENTRY--TOPICAL TERM
Topical Term Hinduism
650 ## - SUBJECT ADDED ENTRY--TOPICAL TERM
Topical Term Vedas
942 ## - ADDED ENTRY ELEMENTS (KOHA)
Koha item type Books
700 1# -
-- Atmanand, Al Masih
Holdings
Collection code Home library Current library Date acquired Cost, normal purchase price Full call number Accession Number Koha item type
  Henry Martyn Institute Library Henry Martyn Institute Library 07/25/2007 100.00 294.5921 ATM 06266 Books
                   Copyright © 2026 | Henry Martyn Institute | Hyderabad | TS-500052 | INDIA | Implemented by hmi.edu.in
Hit-Count:

Powered by Koha